00482nam a2200157Ia 4500003000400000008004100004040001600045082001800061100002400079245009600103700001900199700002200218260004200240300001000282650003200292GCL140319s9999 xx 000 0 eng d aGCL / cGCL04a331.1143bC D1 aCHEMERS, MARTINE M.10aDIVERSTY IN ORGANIZATIONS: NEW PERSPECTIVE FOR A CHANGING WORKPLACE / cCHEMERS, MARTINE M.1 aOSKAMP, STUART1 aCOSTANZO, MARK A. a[S.N] : bSAGE PUBLICATIONS ، c1995 a282 P04aDIVERSITY IN THE WORK PLACE